LEADER 01161nam a2200265 i 4500 001 000000074084 003 CaOOAMICUS 005 20111128000000.0 008 111128s1978 it u000 u ita u 013 $a45256 040 $aSeMil$bita 100 1 $aRidolfi, Roberto <1899-1991>.$0(OLS)http://semarc/name/4796 245 10$aVita di Niccolò Machiavelli /$cRoberto Ridolfi. 250 $a7. edizione italiana accresciuta e riveduta. 260 $aFirenze :$bSansoni,$ccopyr. 1978. 300 $aXIV, 665 p., [7] c. di tav. ;$c21 cm. 490 0 $aBiblioteca di grandi saggi Sansoni 500 $aIn appendice : Ancora della «mancata conversione» del Machiavelli. - Contiene : Nota bibliografica. 600 14$aMachiavelli, Niccolò <1469-1527>.$0(OLS)http://semarc/subject/1228 830 0$aBiblioteca di grandi saggi Sansoni.$0(OLS)http://semarc/title/20177 850 $aSeMil 852 $aSeMil$W1$xVenegono$y1$m3T III 201$j40236$B40236$CSeMilBibl$Z2$F40240 $81 961 $aOmaggio: Donazione 996 $6245$aVita di Niccolò Machiavelli$9(OLS)http://semarc/title/120192 996 $6260$aFirenze :$bSansoni$9(OLS)http://semarc/publisher/29843 LEADER 01034nam a2200241 i 4500 001 000000085110 003 CaOOAMICUS 005 20030624000000.0 008 030624s2003 it u000 u ita u 013 $a57350 020 $a88-01-02635-8 040 $aSeMil$bita 100 1 $aCasale, Umberto <1951->.$0(OLS)http://semarc/name/9485 245 13$aIl Dio comunicatore e l'avventura della fede :$bsaggio di teologia fondamentale /$cUmberto Casale. 260 $aLeumann (TO) :$bElle Di Ci,$c2003. 300 $a206 p. ;$c24 cm. 650 4$aFede - Teologia fondamentale.$0(OLS)http://semarc/subject/172 850 $aSeMil 852 $aSeMil$W1$xVenegono$y1$m2B V 56$j49234$B49234$CSeMilBibl$Z2$F52709 $81 961 $aOmaggio per recensione: Elledici 996 $6020$a88-01-02635-8$9(OLS)http://semarc/number/65513 996 $6245$aIl Dio comunicatore e l'avventura della fede :$bsaggio di teologia fondamentale$9(OLS)http://semarc/title/131713 996 $6260$aLeumann (TO) :$bElle Di Ci$9(OLS)http://semarc/publisher/29654